<?xml version="1.0" encoding="UTF-8"?>
<record
    xmlns:xsi="http://www.w3.org/2001/XMLSchema-instance"
    xsi:schemaLocation="http://www.loc.gov/MARC21/slim http://www.loc.gov/standards/marcxml/schema/MARC21slim.xsd"
    xmlns="http://www.loc.gov/MARC21/slim">

  <leader>00819cam a2200265 i 4500</leader>
  <controlfield tag="001">sa 66002266 </controlfield>
  <controlfield tag="003">DLC</controlfield>
  <controlfield tag="005">20260227112228.0</controlfield>
  <controlfield tag="008">811028s1963    ii j          000 0 tam  </controlfield>
  <datafield tag="010" ind1=" " ind2=" ">
    <subfield code="a">sa 66002266 </subfield>
  </datafield>
  <datafield tag="025" ind1=" " ind2=" ">
    <subfield code="a">PL480:I-T-954</subfield>
  </datafield>
  <datafield tag="040" ind1=" " ind2=" ">
    <subfield code="a">DLC</subfield>
    <subfield code="c">DLC</subfield>
    <subfield code="d">DLC</subfield>
  </datafield>
  <datafield tag="050" ind1="0" ind2="0">
    <subfield code="a">PL4758.9.C37</subfield>
    <subfield code="b">K3 1963</subfield>
  </datafield>
  <datafield tag="100" ind1="0" ind2=" ">
    <subfield code="a">Caya&#x1E45;ko&#x1E47;&#x1E6D;&#x101;r.</subfield>
  </datafield>
  <datafield tag="240" ind1="1" ind2="0">
    <subfield code="a">Kali&#x1E45;kattup para&#x1E47;i</subfield>
  </datafield>
  <datafield tag="245" ind1="1" ind2="0">
    <subfield code="a">Caya&#x1E45;ko&#x1E47;&#x1E6D;&#x101;rin&#x332; Kali&#x1E45;kattup para&#x1E47;i :</subfield>
    <subfield code="b">Puliy&#x16B;rk K&#x113;cikan&#x332; te&#x1E37;ivuraiyu&#x1E6D;a&#x1E47;.</subfield>
  </datafield>
  <datafield tag="250" ind1=" " ind2=" ">
    <subfield code="a">[3. patippu].</subfield>
  </datafield>
  <datafield tag="260" ind1=" " ind2=" ">
    <subfield code="a">Cen&#x332;n&#x332;ai :</subfield>
    <subfield code="b">P&#x101;ri Nilaiyam,</subfield>
    <subfield code="c">[1963]</subfield>
  </datafield>
  <datafield tag="300" ind1=" " ind2=" ">
    <subfield code="a">288 p. :</subfield>
    <subfield code="b">geneal. table ;</subfield>
    <subfield code="c">18 cm.</subfield>
  </datafield>
  <datafield tag="500" ind1=" " ind2=" ">
    <subfield code="a">In Tamil.</subfield>
  </datafield>
  <datafield tag="500" ind1=" " ind2=" ">
    <subfield code="a">Poem.</subfield>
  </datafield>
  <datafield tag="600" ind1="0" ind2="0">
    <subfield code="a">Kulottunga</subfield>
    <subfield code="b">I,</subfield>
    <subfield code="c">Chola King,</subfield>
    <subfield code="d">active 1070-1118</subfield>
    <subfield code="x">Poetry.</subfield>
  </datafield>
  <datafield tag="700" ind1="0" ind2=" ">
    <subfield code="a">Puliy&#x16B;rk K&#x113;cikan&#x332;.</subfield>
  </datafield>
  <datafield tag="740" ind1="0" ind2=" ">
    <subfield code="a">Kali&#x1E45;kattup para&#x1E47;i.</subfield>
  </datafield>
  <datafield tag="999" ind1=" " ind2=" ">
    <subfield code="c">68260</subfield>
    <subfield code="d">68260</subfield>
  </datafield>
</record>
